Buddhism or communism : Which holds the future of Asia?

This book deals not so much with classical Buddhism as a system of religious philosophy - or a collection of systems - as wih Buddhism as the most widespread religion of contemporary Asia.

সংরক্ষণ করুন:
গ্রন্থ-পঞ্জীর বিবরন
প্রধান লেখক: Benz, Ernst
বিন্যাস: গ্রন্থ
ভাষা:Undetermined
প্রকাশিত: London Allen & Unwin 1966
বিষয়গুলি:
ট্যাগগুলো: ট্যাগ যুক্ত করুন
কোনো ট্যাগ নেই, প্রথমজন হিসাবে ট্যাগ করুন!
Thư viện lưu trữ: Trung tâm Học liệu Trường Đại học Cần Thơ
LEADER 00746nam a2200217Ia 4500
001 CTU_219130
008 210402s9999 xx 000 0 und d
082 |a 294.3 
082 |b B479 
100 |a Benz, Ernst 
245 0 |a Buddhism or communism : 
245 0 |b Which holds the future of Asia? 
245 0 |c Ernst Benz 
260 |a London 
260 |b Allen & Unwin 
260 |c 1966 
520 |a This book deals not so much with classical Buddhism as a system of religious philosophy - or a collection of systems - as wih Buddhism as the most widespread religion of contemporary Asia. 
650 |a Buddhism,Phật giáo 
650 |z Asia,Châu Á 
904 |i Trúc 
980 |a Trung tâm Học liệu Trường Đại học Cần Thơ